| 000 | 00721na a2200253 4500 | ||
|---|---|---|---|
| 001 | 17022 | ||
| 003 | MIRAKIL | ||
| 005 | 20181213155158.0 | ||
| 008 | 161021b tu 000 0 | ||
| 035 | _a17022 | ||
| 040 |
_aMilas _btur _cTR-AnCHP |
||
| 041 | _atur | ||
| 082 |
_a320.9561 _bD85m 1991 |
||
| 090 | _a320.9561 D85m 1991 | ||
| 100 | _aDuman, İlker Hasan | ||
| 245 |
_aMuhalefete mahkümiyet _cİlker Hasan Duman |
||
| 246 | _aMuhalefete mahkumiyet | ||
| 260 |
_aİstanbul _bYeni Adalet Yayınları _c1991 |
||
| 300 |
_a99 s. _c18 sm. |
||
| 490 |
_aYeni Adalet Yayınları _v3 |
||
| 650 |
_aSiyaset ve yönetim _xSiyasal durum _zTürkiye |
||
| 651 |
_aTürkiye _xSiyasal durum _yTarih |
||
| 942 |
_2ddc _cBKS |
||
| 999 |
_c8065 _d8065 |
||